Kraje mistrzostw świata 2022 - Statystyki

Ogólne statystyki
  • Ten quiz został rozwiązany 67 razy
  • Średni wynik to 27 z 32
Statystyki odpowiedzi
Odpowiedź Grupa % Poprawnych
Argentyna C
100%
Polska C
100%
Hiszpania E
98%
Anglia B
97%
Brazylia G
97%
Francja D
97%
Meksyk C
97%
Niemcy E
97%
USA B
95%
Arabia Saudyjska C
93%
Portugalia H
93%
Belgia F
92%
Holandia A
92%
Japonia E
92%
Katar A
92%
Kanada F
90%
Australia D
87%
Senegal A
85%
Iran B
84%
Chorwacja F
82%
Dania D
79%
Serbia G
79%
Walia B
79%
Kamerun G
77%
Korea Południowa H
77%
Kostaryka E
75%
Ekwador A
74%
Maroko F
74%
Ghana H
72%
Szwajcaria G
70%
Tunezja D
64%
Urugway H
21%
Nie znaleziono quizów pasujących do podanych kryteriów
Rozkład punktacji
Procent ludzi z każdym wynikiem
Percentyl według liczby udzielonych odpowiedzi
Twoja historia wyników
Nie rozwiązałeś tego quizu